000 00881nam a2200277 i 4500
001 000013185
003 DO-SdBNP
005 20250219142107.0
007 ta
008 091120s1992 dr 000 f spa d
040 _aDO-SdBNP
_bspa
_cBNPHU
_erda
082 4 _aRD863.44
_bV145p
_222
100 1 _aValdez, Pedro Antonio,
_d1968-
_922509
_eautor
_4aut.
245 1 0 _aPapeles de Astarot /
_cPedro Antonio Valdez.
264 _aLa Vega, República Dominicana :
_bEditora Taller,
_c1992.
300 _a48 páginas
_c18 cm.
336 _atexto
_btxt
_2rdacontent
337 _asin mediación
_bn
_2rdamedia
338 _avolumen
_bnc
_2rdacarrier
586 _aPremio Nacional de Cuento, 1992
590 _aInventariado, 2020/VM
650 0 _aCuentos dominicanos
_9176
650 0 _aLiteratura dominicana.
_967
910 _aValidado. Control de calidad MMOLINA
942 _2ddc
_cLBS1
999 _c12824
_d12824